00677nam a2200217 a 450000100060000000300080000600500170001400800410003103500190007204000350009104100080012608200220013410000280015624500720018426000420025630000200029850400360031860000310035461000240038565100500040964009BD-RjUL20211209081248.0170208s1962 enk 001 0 eng d a(BD-RjUL)64139 aBD-RjULbengcBD-RjULdBD-RjUL aeng a954.031bEMC 19621 aEmbree, Ainslie Thomas.10aCharles Grant and British rule in India /cby Ainslie Thomas Embree aLondon :bGeorge Allen & Unwin,c1962 a320 p. ;c23 cm aIncludes bibliography and index10aGrant, Charles,d1746-182320aEast India Company. 0aIndiaxHistoryyBritish occupation, 1765-1947